The Dust Bowl : an agricultural and social history /

Bibliographic Details
Main Author: Hurt, R. Douglas
Format: Book
Language:English
Published: Chicago, Ill. : Nelson-Hall, [1981]
Subjects:

MARC

Tag First Indicator Second Indicator Subfields
LEADER 00000cam a2200000 a 4500
001 in00000070902
005 20151008061946.0
008 810325s1981 iluabf b 00110 eng
010 |a  81004031  
020 |a 0882295411 
020 |a 0882297899 (pbk.) 
035 |a (OCoLC)07329465 
035 |9 AAJ9220AM 
040 |a DLC  |c DLC  |d TXA  |d UtOrBLW 
043 |a n-usp--  |a n-us--- 
049 |a TXAM 
050 0 0 |a S441  |b .H92 1981 
082 0 |a 338.1/0978  |2 19 
100 1 |a Hurt, R. Douglas. 
245 1 4 |a The Dust Bowl :  |b an agricultural and social history /  |c R. Douglas Hurt. 
264 1 |a Chicago, Ill. :  |b Nelson-Hall,  |c [1981] 
264 4 |c ©1981 
300 |a x, 214 pages, 16 unnumbered pages of plates :  |b illustrations, maps ;  |c 23 cm. 
336 |a text  |b txt  |2 rdacontent 
337 |a unmediated  |b n  |2 rdamedia 
338 |a volume  |b nc  |2 rdacarrier 
504 |a Includes bibliographical references (pages 191-207) and index. 
650 0 |a Agriculture  |z Great Plains  |x History  |y 20th century. 
650 0 |a Droughts  |z Great Plains  |x History  |y 20th century. 
650 0 |a Depressions  |z United States  |y 20th century. 
651 0 |a Great Plains  |x History. 
651 0 |a Great Plains  |x Social conditions. 
999 |a MARS 
999 f f |s 27bfd6df-7683-34eb-8faa-c96f400de4ac  |i e35b17b9-d396-32d9-95d3-481b945752d0  |t 0 
952 f f |p ric  |a Texas A&M University  |b Rellis Campus  |c Joint Library Facility  |d Remote Storage  |t 0  |e S441 .H92 1981  |h Library of Congress classification  |i unmediated -- volume  |m A14806233551 
998 f f |a S441 .H92 1981  |t 0  |l Remote Storage